Newton : The making of genius
Isaac Newton has become an intellectual avatar for our modern age, the man who, as even children know, was inspired to codify nature's laws by watching an apple fall from a tree. This book is a cultural history of the interrelated origins of modern science, the concept of a genius and fame.
Kaydedildi:
| Yazar: | |
|---|---|
| Materyal Türü: | Kitap |
| Dil: | Undetermined |
| Baskı/Yayın Bilgisi: |
New York
Columbia University Press
2002
|
| Konular: | |
| Etiketler: |
Etiketle
Etiket eklenmemiş, İlk siz ekleyin!
|
| Thư viện lưu trữ: | Trung tâm Học liệu Trường Đại học Cần Thơ |
|---|
| LEADER | 00907nam a2200229Ia 4500 | ||
|---|---|---|---|
| 001 | CTU_186643 | ||
| 008 | 210402s9999 xx 000 0 und d | ||
| 082 | |a 530.092 | ||
| 082 | |b F219 | ||
| 100 | |a Fara, Patricia | ||
| 245 | 0 | |a Newton : | |
| 245 | 4 | |b The making of genius | |
| 245 | 0 | |c Patricia Fara | |
| 260 | |a New York | ||
| 260 | |b Columbia University Press | ||
| 260 | |c 2002 | ||
| 520 | |a Isaac Newton has become an intellectual avatar for our modern age, the man who, as even children know, was inspired to codify nature's laws by watching an apple fall from a tree. This book is a cultural history of the interrelated origins of modern science, the concept of a genius and fame. | ||
| 650 | |a Scientists,Nhà khoa học | ||
| 650 | |x Biography,Tiểu sử | ||
| 650 | |z Great Britain,Liên hiệp Anh | ||
| 904 | |i Giang | ||
| 980 | |a Trung tâm Học liệu Trường Đại học Cần Thơ | ||